Countries with Travel Warnings by the US State Department - Statistics

General Stats
  • This quiz has been taken 98 times
    41 since last reset
  • The average score is 27 of 42
Answer Stats
% Correct
Somalia
92%
Sudan
88%
Libya
85%
North Korea
85%
Syria
85%
Afghanistan
81%
Iran
81%
Iraq
81%
Chad
77%
Pakistan
77%
Venezuela
77%
Yemen
77%
Egypt
73%
Mexico
73%
South Sudan
73%
Algeria
65%
Colombia
65%
Ethiopia
65%
Honduras
65%
Mali
65%
Niger
65%
Eritrea
62%
Nigeria
62%
Saudi Arabia
62%
Burkina Faso
58%
Cuba
58%
Lebanon
58%
Turkey
58%
Haiti
54%
Israel
54%
DRC
50%
El Salvador
50%
Kenya
50%
Mauritania
50%
Tunisia
50%
Ukraine
50%
Cameroon
46%
Central African Republic
42%
Jordan
42%
Philippines
38%
Bangladesh
31%
Burundi
31%
No matching quizzes found
Score Distribution
Percent of People with Each Score
Percentile by Number Answered
Your Score History
You have not taken this quiz since the last reset